000 00856nam a22002537a 4500
999 _c6733
_d6733
003 AR-CdUCM
008 190319b ||||| |||| 00| 0 spa d
020 _a958-36-0022-9
040 _aMUNICIPALIDAD PROVINCIAL DEL CUSCO
_cBIBLIOTECA MUNICIPAL DEL CUSCO
041 _heng
082 _a809.892097 /
_bM12
100 _aMcPhee, John
_918956
245 _aLos periodistas literarios :
_bo, el arte del reportaje personal /
260 _aBogotá :
_bEl Ancora,
_c1996.
300 _a410 páginas ;
_c23 cm.
505 _aContenido: Viajes por Georgia -- El Salvador -- Los ángeles -- La muerte todo el día -- Procedimientos invasores ...
650 _aPeriodistas
_918957
650 _aLiteratura
_983
650 _aViajes
_9856
700 _aDidion, Joan
_918958
700 _aWolfe, Tom (coautores)
_918959
942 _2ddc
_cLIBROS
945 _aachl